As-Level Sociology : The Revision Guide (Record no. 5362)

MARC details
005 - DATE AND TIME OF LATEST TRANSACTION
control field 20250626133727.0
020 ## - INTERNATIONAL STANDARD BOOK NUMBER
International Standard Book Number 978-1-84762-138-2
082 ## - DEWEY DECIMAL CLASSIFICATION NUMBER
Classification number 301 HAL
245 ## - TITLE STATEMENT
Title As-Level Sociology : The Revision Guide
260 ## - PUBLICATION, DISTRIBUTION, ETC.
Place of publication, distribution, etc. Newcastle,
Name of publisher, distributor, etc. Coordination Group,
Date of publication, distribution, etc. 2004.
300 ## - PHYSICAL DESCRIPTION
Extent 102p.: ill.;
Other physical details glossary & index,
Dimensions 29cm.
700 ## - ADDED ENTRY--PERSONAL NAME
Other authors/Editors HALLAM, G . , HARTE, T . &REED, K .
856 ## - ELECTRONIC LOCATION AND ACCESS
Link text Access Online Book
Electronic name Sociology
Path www.cgpbooks.co.uk
942 ## - ADDED ENTRY ELEMENTS (KOHA)
Source of classification or shelving scheme Dewey Decimal Classification
Koha item type Books
Holdings
Date last seen Total checkouts Full call number Barcode Cost, replacement price Price effective from Koha item type Lost status Source of classification or shelving scheme Damaged status Not for loan Withdrawn status Home library Current library Shelving location Date acquired Source of acquisition Cost, normal purchase price
06/26/2025   301 HAL MZA0002324 15000.00 06/26/2025 Books   Dewey Decimal Classification       CBE Mwanza CBE Mwanza General Collection 06/26/2025 Library Budget 50000.00